Top 500 Marvel Characters - Statistics

General Stats
  • This quiz has been taken 330 times
  • The average score is 129 of 500
Answer Stats
Answer % Correct
Iron-Man
91%
M
89%
Spider-Man
88%
Captain America
86%
Hulk
86%
Thor
86%
Wolverine
82%
Black Widow
79%
Hawkeye
79%
Loki
79%
Thanos
78%
Cyclops
73%
Nick Fury
71%
Professor X
70%
Scarlet Witch
70%
The Thing
70%
Black Panther
69%
Deadpool
69%
Doctor Strange
69%
Gamora
69%
Human Torch
69%
Odin
69%
Rocket Raccoon
69%
Storm
69%
Groot
68%
Star Lord
68%
The Wasp
68%
Captain Marvel
67%
Daredevil
67%
Invisible Woman
67%
Falcon
66%
Sin
66%
Magneto
64%
Venom
64%
Beast
63%
Jean Grey
63%
She-Hulk
63%
Doctor Doom
62%
Green Goblin
62%
Ice-Man
62%
Quicksilver
62%
War Machine
62%
Vision
61%
Doctor Octopus
60%
Silver Surfer
60%
Ultron
60%
Ghost
59%
Red Skull
59%
Sandman
59%
Punisher
58%
Red Hulk
58%
Blade
57%
Carnage
57%
Iron Fist
57%
Hela
56%
Kingpin
56%
Mantis
56%
Mister Fantastic
56%
Nebula
56%
Angel
55%
Galactus
55%
Ms. Marvel
55%
Mystique
54%
Rogue
54%
Bucky Barnes
53%
Electro
53%
Elektra
53%
Gambit
53%
Ghost Rider
53%
Luke Cage
53%
Moon Knight
53%
Nightcrawler
53%
Colossus
52%
Lizard
52%
Namor
52%
Abomination
51%
Maria Hill
51%
Mysterio
51%
Shuri
51%
Spider Woman
51%
Vulture
51%
Shang-Chi
50%
Juggernaut
49%
Mandarin
49%
Dormammu
48%
Jessica Jones
48%
Nova
48%
Wong
48%
Cable
47%
Drax the Destroyer
47%
Sabretooth
47%
Adam Warlock
46%
Heimdall
46%
M.O.D.O.K.
46%
Taskmaster
46%
Black Bolt
45%
Peggy Carter
45%
Spider Gwen
45%
Iron Monger
44%
Killmonger
44%
X-23
44%
Kraven the Hunter
43%
Rhino
43%
Whiplash
43%
Baron Zemo
42%
Black Cat
42%
Scorpion
42%
Sif
42%
Yellow Jacket
42%
Apocalypse
41%
Emma Frost
41%
Mary Jane Watson
41%
Pyro
41%
Aunt May
40%
Bullseye
40%
Hercules
40%
Howard the Duck
40%
Miles Morales
40%
Psylocke
40%
Sentry
40%
Valkyrie
40%
Captain Britain
39%
Jane Foster
39%
Kitty Pryde
39%
Okoye
39%
Bishop
38%
Black Knight
38%
Hobgoblin
38%
Red Guardian
38%
Jubilee
37%
Malekith
37%
Sunspot
37%
Arnim Zola
36%
Dagger
36%
Domino
36%
Havok
36%
Kate Bishop
36%
Morbius
36%
Spider-Girl
36%
Cloak
35%
Iron-Heart
35%
Magik
35%
Medusa
35%
Blob
34%
Ikaris
34%
Mephisto
34%
Sersi
34%
Shocker
34%
Baron Mordo
33%
Grandmaster
33%
Kang the Conqueror
33%
Thena
33%
Volstagg
33%
White Tiger
33%
Yelena Belova
33%
Agent 13 / Sharon Carter
32%
Ebony Maw
32%
Fandral
32%
Toad
32%
U.S. Agent
32%
Happy Hogan
31%
J. Jonah Jameson
31%
Lady Deathstrike
31%
Phil Coulson
31%
Proxima Midnight
31%
Spider-Man 2099
31%
Banshee
30%
Beta Ray Bill
30%
Chameleon
30%
Crossbones
30%
Gilgamesh
30%
Hogun
30%
Leader
30%
Man-Thing
30%
Sprite
30%
Squirrel Girl
30%
Viper
30%
Wonder Man
30%
Absorbing Man
29%
Corvus Glaive
29%
Dracula
29%
Druig
29%
High Evolutionary
29%
Laufey
29%
Silver Samurai
29%
Cannonball
28%
Enchantress
28%
Hydro-Man
28%
Lockjaw
28%
Sebastian Shaw
28%
Surtur
28%
Makkari
27%
Polaris
27%
Prowler
27%
Super Skrull
27%
Tombstone
27%
Ajak
26%
Ares
26%
Echo
26%
Frigga
26%
Hammerhead
26%
Klaw
26%
Mister Sinister
26%
Speed
26%
Wiccan
26%
Agatha Harkness
25%
Cull Obsidian
25%
Dazzler
25%
Hulkling
25%
Scarlet Spider
25%
Skaar
25%
Crystal
24%
Franklin Richards
24%
Madame Web
24%
Mole Man
24%
Wolfsbane
24%
America Chavez
23%
Maximus
23%
Phastos
23%
Cassandra Nova
22%
Devil Dinosaur
22%
Forge
22%
Gorr the God Butcher
22%
Ned Leeds
22%
Sentinel
22%
Annihilus
21%
Beetle
21%
Blink
21%
Daken
21%
Destroyer
21%
Hyperion
21%
Iron-Lad
21%
Jigsaw
21%
Justin Hammer
21%
Kingo
21%
Legion
21%
Mockingbird
21%
Multiple Man
21%
Namora
21%
Nightmare
21%
Quake
21%
Silver Sable
21%
Warpath
21%
Werewolf by Night
21%
Ben Parker
20%
Ego The Living Planet
20%
Jackal
20%
Ka-Zar
20%
Omega Red
20%
Tigra
20%
Titania
20%
Warlock
20%
Fin Fang Foom
19%
Firestar
19%
Foggy Nelson
19%
Knull
19%
Longshot
19%
Namorita
19%
Spot
19%
Sunfire
19%
William Stryker
19%
Executioner
18%
Hellcat
18%
Karnak
18%
Mister Negative
18%
Mojo
18%
Purple Man
18%
Triton
18%
Baron Strucker
17%
Beyonder
17%
Dum Dum Dugan
17%
Gorgon
17%
Karen Page
17%
Man Ape
17%
Moondragon
17%
Morph
17%
Northstar
17%
Swordsman
17%
Angela
16%
Attuma
16%
Aurora
16%
Avalanche
16%
Clea
16%
Lockheed
16%
Maestro
16%
Molecule Man
16%
Moon-Girl
16%
Silk
16%
X-Man
16%
Armor
15%
Betty Brant
15%
Blackheart
15%
Boomerang
15%
Diamondback
15%
Machine Man
15%
Mastermind
15%
Misty Knight
15%
Molten Man
15%
Onslaught
15%
Patriot
15%
Puck
15%
Quasar
15%
Sasquatch
15%
Amadeus Cho
14%
Caliban
14%
Colleen Wing
14%
Crimson Dynamo
14%
Guardian
14%
Hope Summers
14%
Moonstar
14%
Photon
14%
Puppet Master
14%
Shadow King
14%
Songbird
14%
Stature
14%
Wendigo
14%
Callisto
13%
Cypher
13%
Madame Masque
13%
Moira Mactaggert
13%
Union Jack
13%
Valeria Richards
13%
Wizard
13%
Batroc the Leaper
12%
Boom Boom
12%
Dark Phoenix
12%
Jack O'Lantern
12%
Jocasta
12%
Mimic
12%
Moonstone
12%
Morlun
12%
Nico Minoru
12%
Pixie
12%
Radioactive Man
12%
Sauron
12%
Shatterstar
12%
Speedball
12%
Supreme Intelligence
12%
Typhoid Mary
12%
Bastion
11%
Ben Urich
11%
Cotton Mouth
11%
Doc Samson
11%
Flag-Smasher
11%
Grey Gargoyle
11%
Husk
11%
Nighthawk
11%
Rachel Grey / Rachel Summers
11%
Red Ghost
11%
Rick Jones
11%
Spiral
11%
Strong Guy
11%
The Hood
11%
Two Gun Kid
11%
Arcade
10%
Black Tom Cassidy
10%
Bolivar Trask
10%
Constrictor
10%
Deathlok
10%
Destiny
10%
Dragon Man
10%
King Cobra
10%
Marrow
10%
Nimrod
10%
Owl
10%
Shriek
10%
Silvermane
10%
Siryn
10%
Stingray
10%
Vermin
10%
Vulcan
10%
Yon-Rogg
10%
Brood
9%
Kaine
9%
Madelyne Pryor
9%
Rictor
9%
Selene
9%
Swarm
9%
Tiger Shark
9%
Ant-Man (Hank Pym)
8%
Brother Voodoo
8%
Cecilia Reyes
8%
Count Nefaria
8%
Dark Beast
8%
Deathbird
8%
Diablo
8%
Donald Pierce
8%
Doop
8%
Feral
8%
Justice / Vance Astrovik
8%
Master Mold
8%
Morgan Le Fay
8%
Mr. Hyde
8%
Nuke
8%
Robbie Robertson
8%
Rockslide
8%
Ronan the Acuser
8%
Shaman
8%
Snowbird
8%
Supergiant
8%
Terrax
8%
Vindicator
8%
Xorn
8%
3-D Man
7%
Ant-Man (Scott Lang)
7%
Atlas
7%
Black Goliath
7%
Corsair
7%
Exodus
7%
Fantomex
7%
Grim Reaper
7%
Impossible Man
7%
Jack of Hearts
7%
Karolina Dean
7%
Lilandra
7%
Mad Thinker
7%
Molly Hayes
7%
Shuma-Gorath
7%
Stryfe
7%
The Rose
7%
Thunderstrike
7%
Alex Wilder
6%
Alicia Masters
6%
Anole
6%
Black Tarantula
6%
Blastaar
6%
Chase Stein
6%
Danger
6%
Fixer
6%
Gertrude Yorkes
6%
Graviton
6%
Immortus
6%
Mar-Vell
6%
Meggan
6%
Moon-Boy
6%
Proteus
6%
Zzzax
6%
Abigail Brand
5%
Alistair Smythe
5%
Cyber
5%
Edwin Jarvis
5%
Mesmero
5%
Phyla-Vell
5%
Prodigy
5%
Sin-Eater
5%
Balder the Brave
4%
Cardiac
4%
Chamber
4%
Daimon Hellstrom
4%
Fabian Cortez
4%
Gateway
4%
George Stacy
4%
Jack Power
4%
John Jameson
4%
Katie Power
4%
Mangog
4%
Masque
4%
Microchip
4%
Nitro
4%
Talisman
4%
The Watcher (Uatu)
4%
Unus The Untouchable
4%
Zero
4%
Alex Power
3%
Celeste Cuckoo
3%
Esme Cuckoo
3%
Genis-Vell
3%
Hate-Monger
3%
Julie Power
3%
Layla Miller
3%
Marrina
3%
Midgard Serpent
3%
Mindee Cuckoo
3%
Old Lace
3%
Phoebe Cuckoo
3%
Romulus
3%
Ant-Man (Eric O'Grady)
2%
Belasco
2%
Cameron Hodge
2%
Doctor Faustus
2%
Holocaust
2%
Julia Carpenter
2%
Phalanx
2%
Senator Robert Kelly
2%
Sophie Cuckoo
2%
Val Cooper
2%
Victor Mancha
2%
Fenris Wolf
1%
Flash Thompson (Agent Venom)
1%
Kurze
1%
Madcap
1%
Noh-Varr
1%
Queen Veranke
1%
Rescue (Pepper Potts)
1%
Tippy Toe
1%
Whirldwind
1%
Xavin
1%
Klara Prast
0%
Phantazia
0%
Talos the Untamed
0%
No matching quizzes found
Score Distribution
Percent of People with Each Score
Percentile by Number Answered
Your Score History
You have not taken this quiz